| 000 | 00751nam a2200217Ia 4500 | ||
|---|---|---|---|
| 005 | 20250425161820.0 | ||
| 008 | 250425s9999 xx 000 0 und d | ||
| 020 | _a9879008871 | ||
| 041 | _aspa | ||
| 082 | _a005.82 | ||
| 245 | 0 | _aEXCEL 2000 EN UN SOLO LIBRO:PARA PC IBM Y COMPATIBLES | |
| 250 | _a1A ED. | ||
| 260 |
_aArgentina _bGYR _c1999 |
||
| 260 | _aS.L. | ||
| 300 | _a316 | ||
| 500 | _aA LA MASTER EVELYN CIRES QUINTERO SE LE PERDIERON 3 LIBROS (INV. D-23392, D--23341 Y D-23342) POR LO CUAL ENTREGO LOS LIBROS: PROGRAMACION ORIENTADO A OBJETO/ DE JOYANES DE UN VALOR DE (49.74) Y PROGRAMACION EN JAVA 2 / DE JOYANES CON UN VALOR DE (28.9 | ||
| 650 | _aMICROSOFT EXCEL | ||
| 650 | _aPROGRAMAS | ||
| 942 | _c01 | ||
| 010 | _a30847 | ||
| 999 |
_c216671 _d216671 |
||